<?xml version="1.0" encoding="UTF-8"?>
<collection xmlns="http://www.loc.gov/MARC21/slim">
  <record>
    <leader>00000nam  2200000   4500</leader>
    <controlfield tag="001">INLIS000000000000221</controlfield>
    <controlfield tag="005">20190523021024</controlfield>
    <datafield tag="035" ind1="#" ind2="#">
      <subfield code="a">0010-0718000221</subfield>
    </datafield>
    <controlfield tag="008">190523################g##########0#ind##</controlfield>
    <datafield tag="020" ind1="#" ind2="#">
      <subfield code="a">9789797695613</subfield>
    </datafield>
    <datafield tag="041" ind1=" " ind2=" ">
      <subfield code="a">id</subfield>
    </datafield>
    <datafield tag="082" ind1="#" ind2="#">
      <subfield code="a">300</subfield>
    </datafield>
    <datafield tag="090" ind1=" " ind2=" ">
      <subfield code="a">303.34 Wir k</subfield>
    </datafield>
    <datafield tag="100" ind1=" " ind2="#">
      <subfield code="a">Wirawan</subfield>
    </datafield>
    <datafield tag="245" ind1="1" ind2="#">
      <subfield code="a">Kepemimpinan:Teori,Psikologi, Perilaku Organisasi,Aplikasi dan Penelitian /</subfield>
      <subfield code="c">Wirawan</subfield>
    </datafield>
    <datafield tag="250" ind1="#" ind2="#">
      <subfield code="a">Cet.1</subfield>
    </datafield>
    <datafield tag="260" ind1="#" ind2="#">
      <subfield code="a">Jakarta :</subfield>
      <subfield code="b">Grafndo Persada,</subfield>
      <subfield code="c">2013</subfield>
    </datafield>
    <datafield tag="300" ind1="#" ind2="#">
      <subfield code="a">XXXV,805 hlm. :</subfield>
      <subfield code="b">ilus ;</subfield>
      <subfield code="c">26 cm</subfield>
    </datafield>
    <datafield tag="650" ind1=" " ind2="#">
      <subfield code="a">Kepemimpinan</subfield>
    </datafield>
    <datafield tag="084" ind1="#" ind2="#">
      <subfield code="a">300 Wir k</subfield>
    </datafield>
    <datafield tag="520" ind1="#" ind2="#">
      <subfield code="a">Buku ini merupakan buku kepemimpinan yang komprehensif dan terlengkap yang pernah terbit di Indonesia. Pertama, menguraikan semua teori mengenai kepemimpinan dari mulai berkembangnya ilmu ini sampai memasuki sepuluh tahun pertama Abad ke-21. Misalnya, dibahas juga Teori Kepemimpinan Toksis (Toxic Leadership) - kepemimpinan yang yang meracuni dan merusak organisasi dan sistem sosial. Di Indonesia jenis kepemimpinan ini menyuburkan tumbuhnya korupsi, kolusi dan nepotisme penyakit kepemimpinan yang sulit diberantas. Kedua, juga dibahas aplikasi ilmu kepemimpinan dalam bidang birokrasi pemerintahan, kepemimpinan bisnis, kepemimpinan pendidikan, dan kepemimpinan militer di samping kepemimpinan wanita dari berbagai sudut pandang psikologis, perilaku organisasi, dan ilmu politik. Yang sangat menarik, buku ini dilengkapi dengan teknik-teknoik melakukan penelitian dalam bidang kepemimpinan. Berbagai contoh hasil penelitian dikemukakan sebagai hasil para peneliti yang terbit di jurnal saintifik di seluruh dunia. Contoh penelitian tersebut dapat menumbuhkan inspirasi, kreativitas, dan inovasi untuk melakukan penelitian kepemimpinan di Indonesia.</subfield>
    </datafield>
    <datafield tag="990" ind1="#" ind2="#">
      <subfield code="a">141217212</subfield>
    </datafield>
    <datafield tag="990" ind1="#" ind2="#">
      <subfield code="a">141217213</subfield>
    </datafield>
    <datafield tag="990" ind1="#" ind2="#">
      <subfield code="a">141217212</subfield>
    </datafield>
    <datafield tag="990" ind1="#" ind2="#">
      <subfield code="a">141217213</subfield>
    </datafield>
    <datafield tag="990" ind1="#" ind2="#">
      <subfield code="a">141217213</subfield>
    </datafield>
    <datafield tag="990" ind1="#" ind2="#">
      <subfield code="a">141217212</subfield>
    </datafield>
  </record>
</collection>
